000 00450nam a2200169Ia 4500
008 131103s9999 xx 000 0 und d
040 _aLoreto College
041 _aEnglish
082 _aREF
_b3 LCBED/5569
100 _aDickens, Frances
245 _aMother show me how to enjoy my food
_cFrances Dickens
260 _aLondon
_bRoger Schlesinger
_c[19?]
300 _a23p.
_b ill.
_c 20cm.
650 _aREF
850 _aLCBED/REF3
942 _cBK
999 _c33546
_d84025